| 000 | 00778nac a22002051u 4500 | ||
|---|---|---|---|
| 010 | _a 2007932951 | ||
| 020 | _a9780750685030 | ||
| 082 |
_a658.382 _bHUG |
||
| 090 |
_c8410 _d8410 |
||
| 100 | _aHughes, Phil. | ||
| 245 | 1 | 0 |
_aIntroduction to health and safety at work : _bthe handbook for students on nebosh and other introductory h & s courses / _cPhil Hughes, Ed Ferrett. |
| 260 |
_aBoston, MA : _bElsevier,C.2007. _cC.2007. |
||
| 300 | _ap. cm. | ||
| 500 | _aDistributer: Al-Ahram. | ||
| 511 | _aCatalogued By: Mahitab. | ||
| 650 | _aIndustrial hygiene--Great Britain--Handbooks, manuals, etc. | ||
| 650 | _aIndustrial safety--Great Britain--Handbooks, manuals, etc. | ||
| 700 | _aFerrett, Ed. | ||
| 942 |
_cBB _k658.382HUG |
||
| 999 |
_c8410 _d8410 |
||